000 00802nam a2200253Ia 4500
003 OSt
005 20220923211234.0
006 a|||||r|||| 00| 0
007 ta
008 Pun
020 _a9788171436002 (hbk)
_c350
024 _a282,334
037 _b807, 09/03/2014, H.K. Prakashan
_cTextual
040 _aARTS
_cARTS
_bPun
041 _2Pun
_aPun
082 _aO153:g, M0;Q3
100 _aਸਿੰਘ, ਆਤਮਜੀਤ
_9156291
245 0 _aਸਾਹਿਤਕੀ
260 _aਅੰਮ੍ਰਿਤਸਰ
_b ਰਵੀ ਸਾਹਿਤ ਪ੍ਰਕਾFਨ
_c2013
300 _a280ਪੰ
_ccm.
650 _aਪੰਜਾਬੀ ਸਾਹਿਤ
942 _hO153:g, M0;Q3
_cTEXL
_2CC
999 _c297469
_d297469